| 000 | 00412nam a2200181Ia 4500 | ||
|---|---|---|---|
| 003 | OSt | ||
| 005 | 20230511140838.0 | ||
| 008 | 210210b1890 xxu||||| |||| 00| 0 eng d | ||
| 040 | _cAL | ||
| 041 | _aFrench | ||
| 082 | _a444/362 | ||
| 100 |
_aWINDELL (Barrett) _9103070 |
||
| 245 | _aLa france d aujours hui | ||
| 260 |
_aLondon _b- _c1890 |
||
| 690 |
_aFrench _9103071 |
||
| 906 | _a006557 | ||
| 942 |
_2ddc _cBK |
||
| 999 |
_c129546 _d129546 |
||